书目信息 |
| 题名: |
设施园艺学
|
|
| 作者: | 李式军 | |
| 分册: | ||
| 出版信息: | 北京 中国农业出版社 2002 |
|
| 页数: | 334 | |
| 开本: | 26cm | |
| 丛书名: | ||
| 单 册: | ||
| 中图分类: | S62 | |
| 科图分类: | ||
| 主题词: | 园艺--温室栽培 , 园艺--设施 , 保护地栽培 | |
| 电子资源: | ||
| ISBN: | 7-109-07751-9 | |
| 000 | 00540nam0 2200205 450 | |
| 001 | 0741144344 | |
| 005 | 20070817112544.34 | |
| 010 | @a7-109-07751-9@d¥30.80 | |
| 100 | @a20070817d km y0chiy0120 ea | |
| 101 | 0 | @achi |
| 200 | 1 | @a设施园艺学@Ashe shi yuan yi xue@f李式军@Fli shi jun |
| 210 | @a北京@c中国农业出版社@d2002 | |
| 215 | @a334@d26cm | |
| 606 | 0 | @a园艺@x温室栽培 |
| 606 | 0 | @a园艺@x设施 |
| 606 | 0 | @a保护地栽培 |
| 690 | @aS62@v3 | |
| 701 | 0 | @a李式军@Ali shi jun |
| 801 | 0 | @aCN@bPFT@c20070817 |
| 905 | @a213230@dS62@en1@f1 | |
| 设施园艺学/李式军.-北京:中国农业出版社,2002 |
| 334;26cm |
| ISBN 7-109-07751-9:¥30.80 |
| ● |
| 相关链接 |
|
|
|
|
正题名:设施园艺学
索取号:S62/n1
 
预约/预借
| 序号 | 登录号 | 条形码 | 馆藏地/架位号 | 状态 | 备注 |
| 1 | 6600652 | 266006528 | 密集书库-生命科学系/ [索取号:S62/n1] | 在馆 | |
| 2 | 6601437 | 266014378 | 密集书库-生命科学系/ [索取号:S62/n1] | 在馆 |